| 000 | nam a22 a 4500 | ||
|---|---|---|---|
| 999 |
_c1373 _d1373 |
||
| 003 | AKMAL | ||
| 005 | 20170509121716.0 | ||
| 008 | 170509s1986 -us 00 eng d | ||
| 020 |
_a0875813178 (pbk): _cfree |
||
| 040 |
_aAKMAL _cAKMAL |
||
| 082 | 0 | 4 | _a301 KAR |
| 090 |
_a301 _bKAR |
||
| 100 | 1 |
_aKarp, David Allen, _d1944- _92704 |
|
| 245 | 1 |
_aSociology and everyday life / _cDavid A. Karp, William C. Yoels |
|
| 260 |
_aItasca, IL : _bF.E. Peacock, _c1986 |
||
| 300 |
_a315p. : _bill. ; _c23cm |
||
| 504 | _aIncludes bibliographical references and index | ||
| 650 |
_aSociology _92700 |
||
| 700 | 1 |
_aYoels, William C. _92705 |
|
| 942 |
_2ddc _cBOOK |
||